Putting the sun to work

Bibliographic Details
Main Author: Bendick, Jeanne
Format: Book
Published: Illinois : Garrard Publishing , 1979
Subjects:

MARC

LEADER 00000cam a2200000 7i4500
001 0000007254
002 000007803
005 20000330.0
020 |a 0811661113 
090 0 0 |a J 333.7   |b BEN 
100 1 |a Bendick, Jeanne 
245 1 0 |a Putting the sun to work   |c Jeanne Bendick 
260 |a Illinois :   |b Garrard Publishing ,   |c 1979 
300 |a 63p. :   |b ill ;   |c 17cm. 
650 0 0 |a Solar energy   |x Juvenile literature 
999 |a 0007671   |b BUKU   |c PINJAMAN   |e PERPUSTAKAAN KOMUNITI PETALING JAYA